Films de Claude Chabrol par image - Statistiques

Statistiques générales
  • Ce quiz a été pris 21 fois
  • Le résultat moyen est 7 sur 16
Statistiques - réponses
Par images Réponse % Correct
Le Boucher
88%
La Cérémonie
81%
Madame Bovary
75%
Merci pour le chocolat
75%
Violette Nozière
56%
Le Beau Serge
50%
Que la bête meure
50%
Bellamy
38%
Betty
38%
La Femme infidèle
38%
Les Biches
38%
Les Bonnes Femmes
38%
Les Fantômes du chapelier
38%
L'Ivresse du pouvoir
25%
Au cœur du mensonge
19%
La Rupture
0%
Aucun quiz correspondant
Distribution des résultats
% des personnes avec chaque résultat
Percentile par nombre de réponses
Votre historique - résultats
Vous n’avez pas pris ce quiz